|
|
|
|
| LEADER |
00000cam a2200000 a 4500 |
| 001 |
vtls008832869 |
| 003 |
SK-MaSNL |
| 005 |
20260301205632.0 |
| 008 |
251031s2006 xo c 000 f slo |
| 015 |
|
|
|a SNBA2006/10-05210
|
| 020 |
|
|
|a 8055111979
|q (viaz.)
|c Sk 249,00 Sk
|
| 035 |
|
|
|a 0DFC242E-7F7C-49AD-A93B-70AA41A1656D
|
| 035 |
|
|
|a urn:nbn:sk:snk-amldh7
|
| 035 |
|
|
|a urn:nbn:sk:snk-am009063
|
| 040 |
|
|
|a SNK
|b slo
|c SNK
|e AACR2
|
| 041 |
1 |
|
|a slo
|h pol
|
| 044 |
|
|
|a xo
|c SK
|
| 072 |
|
7 |
|a 821.162.1
|x Poľská literatúra
|2 konspekt
|
| 072 |
|
7 |
|a 821-31
|x Literatúra pre deti a mládež
|2 konspekt
|
| 080 |
|
|
|a 821.162.1-31
|2 2001
|
| 080 |
|
|
|a 821-93
|2 2001
|
| 100 |
1 |
|
|a Nienacki, Zbigniew,
|d 1929-1994
|4 aut
|9 278545
|
| 240 |
1 |
0 |
|a Pan Samochodzik i templariusze
|l Slovensky
|
| 245 |
1 |
0 |
|a Pán Tragáčik a templári
|c Zbigniew Nienacki; [z poľského originálu preložil Peter Čačko]
|n 5
|
| 250 |
|
|
|a [1. vyd.]
|
| 260 |
|
|
|a Bratislava
|b Ikar
|c 2006
|
| 300 |
|
|
|a 261 s.
|c 21cm
|
| 655 |
|
7 |
|a poľské romány
|2 SNKPH
|9 70521
|
| 655 |
|
7 |
|a publikácie pre mládež
|2 SNKPH
|9 70434
|
| 700 |
1 |
|
|a Čačko, Peter,
|d 1936-2021
|4 trl
|9 217969
|
| 919 |
|
|
|a 80-551-1197-9
|
| 958 |
|
|
|a OND
|
| 968 |
|
|
|b POL
|d 821
|
| 999 |
|
|
|c 910889
|d 912819
|
| 952 |
|
|
|a SNK
|b SNK
|y PREZ
|7 0
|p 17A0517050
|o snkSC 124636
|i snk2006/14772
|8 0
|0 0
|1 0
|4 0
|d 2006-07-25
|f 1
|l 0
|r 2025-06-06 00:00:00
|w 2026-02-24
|
| 952 |
|
|
|a SNK
|b SNK
|y PREZ
|7 0
|p 17A0517049
|o snkSC 124636 D1
|i snk2006/14773
|8 0
|0 0
|1 0
|4 0
|d 2006-07-25
|l 0
|r 2026-02-24 07:42:46
|w 2026-02-24
|